000 00258nam a2200097 a 4500
005 20200930065706.0
008 110719s1973 000 spa d
245 3 _aEl sistema de planificación en la República Dominicana.
260 _c1973.
999 _c32024
_d32024
040 _aDO-SdBNP